<?xml version="1.0" encoding="UTF-8"?>
<record
    xmlns:xsi="http://www.w3.org/2001/XMLSchema-instance"
    xsi:schemaLocation="http://www.loc.gov/MARC21/slim http://www.loc.gov/standards/marcxml/schema/MARC21slim.xsd"
    xmlns="http://www.loc.gov/MARC21/slim">

  <leader>01862nam a22003857a 4500</leader>
  <controlfield tag="003">DO-SdBNP</controlfield>
  <controlfield tag="005">20250429112052.0</controlfield>
  <controlfield tag="007">ta</controlfield>
  <controlfield tag="008">211103b2009       abc|| |||| 00| 0 spa d</controlfield>
  <datafield tag="020" ind1=" " ind2=" ">
    <subfield code="a">9789945114522</subfield>
  </datafield>
  <datafield tag="040" ind1=" " ind2=" ">
    <subfield code="a">DO-SdBNP</subfield>
    <subfield code="b">spa</subfield>
    <subfield code="c">BNPHU</subfield>
  </datafield>
  <datafield tag="082" ind1="4" ind2=" ">
    <subfield code="2">22</subfield>
    <subfield code="a">372.89045</subfield>
    <subfield code="b">S678</subfield>
  </datafield>
  <datafield tag="245" ind1="1" ind2="0">
    <subfield code="a">Sociedad 1 :</subfield>
    <subfield code="b">primer grado ; primer ciclo ; educaci&#xF3;n media /</subfield>
    <subfield code="c">Fanny Capell&#xE1;n ...[et.al]</subfield>
  </datafield>
  <datafield tag="260" ind1=" " ind2=" ">
    <subfield code="a">Santo Domingo :</subfield>
    <subfield code="b">Santillana,</subfield>
    <subfield code="c">2009.</subfield>
  </datafield>
  <datafield tag="300" ind1=" " ind2=" ">
    <subfield code="a">295 p. :</subfield>
    <subfield code="b">il.; map; fots.</subfield>
    <subfield code="c">27 cm</subfield>
  </datafield>
  <datafield tag="490" ind1=" " ind2=" ">
    <subfield code="a">Coral </subfield>
  </datafield>
  <datafield tag="500" ind1=" " ind2=" ">
    <subfield code="a">Libro de texto.</subfield>
  </datafield>
  <datafield tag="500" ind1=" " ind2=" ">
    <subfield code="a">Primero de bachillerato.</subfield>
  </datafield>
  <datafield tag="505" ind1=" " ind2=" ">
    <subfield code="a">Bloque 1.</subfield>
    <subfield code="t">1.Las ciencias sociales --</subfield>
    <subfield code="t">2.Los or&#xED;genes de la humanidad --</subfield>
    <subfield code="t">3.  Culturas cl&#xE1;sicas del oriente --</subfield>
    <subfield code="t">4. La civilizaci&#xF3;n griega --</subfield>
    <subfield code="t">5. Civilizaci&#xF3;n romana --</subfield>
  </datafield>
  <datafield tag="505" ind1=" " ind2=" ">
    <subfield code="a">Bloque 2.</subfield>
    <subfield code="t">Proyecto --</subfield>
    <subfield code="t">6.El imperio Bizantino --</subfield>
    <subfield code="t">7. El Islam --</subfield>
    <subfield code="t">Proyecto --</subfield>
  </datafield>
  <datafield tag="505" ind1=" " ind2=" ">
    <subfield code="a">Bloque 3.</subfield>
    <subfield code="t">8. Edad Media y sociedad feudal --
</subfield>
    <subfield code="t">9.Edad Moderna --</subfield>
    <subfield code="t">Proyecto --</subfield>
  </datafield>
  <datafield tag="505" ind1=" " ind2=" ">
    <subfield code="a">Bloque 4.</subfield>
    <subfield code="t">10. La edad contemporanea --</subfield>
    <subfield code="t">11. Los cambios del siglo XX --</subfield>
    <subfield code="t">12. Introducci&#xF3;n a la geograf&#xED;a --</subfield>
    <subfield code="t">13. Localizaci&#xF3;n, l&#xED;mites y superficies --</subfield>
  </datafield>
  <datafield tag="505" ind1=" " ind2=" ">
    <subfield code="a">Bloque 6.</subfield>
    <subfield code="t">18. La econom&#xED;a de los continentes --</subfield>
    <subfield code="t">19. Medio geogr&#xE1;fico y modo de vida --</subfield>
    <subfield code="t">20. El mundo organizado --</subfield>
    <subfield code="t">Proyecto --</subfield>
  </datafield>
  <datafield tag="505" ind1=" " ind2=" ">
    <subfield code="a">Bloque 5. </subfield>
    <subfield code="t">14. El medio f&#xED;sico --</subfield>
    <subfield code="t">15. Paisajes: Europa, Asia y Ocean&#xED;a --</subfield>
    <subfield code="t">16. &#xC4;frica, Am&#xE9;rica y Ant&#xE1;rtida --</subfield>
    <subfield code="t">17. La poblaci&#xF3;n mundial --</subfield>
  </datafield>
  <datafield tag="590" ind1=" " ind2=" ">
    <subfield code="a">Inventariado, 2021 / SA</subfield>
  </datafield>
  <datafield tag="650" ind1="4" ind2="0">
    <subfield code="a">Sociedad</subfield>
    <subfield code="x">Historia</subfield>
    <subfield code="9">80469</subfield>
  </datafield>
  <datafield tag="650" ind1="4" ind2="0">
    <subfield code="a">Historia antigua </subfield>
    <subfield code="9">18158</subfield>
  </datafield>
  <datafield tag="650" ind1="4" ind2="0">
    <subfield code="a">Geograf&#xED;a Universal </subfield>
    <subfield code="x">Ense&#xF1;aza</subfield>
    <subfield code="9">65153</subfield>
  </datafield>
  <datafield tag="650" ind1="4" ind2="0">
    <subfield code="a">Historia</subfield>
    <subfield code="x">Geografia  Universal</subfield>
    <subfield code="9">80472</subfield>
  </datafield>
  <datafield tag="700" ind1=" " ind2=" ">
    <subfield code="9">29221</subfield>
    <subfield code="a">Castro Catrain, Margarita</subfield>
  </datafield>
  <datafield tag="700" ind1=" " ind2=" ">
    <subfield code="9">61881</subfield>
    <subfield code="a">Acosta, Ignacio Aybar</subfield>
  </datafield>
  <datafield tag="700" ind1=" " ind2=" ">
    <subfield code="9">23170</subfield>
    <subfield code="a">Castro Ricart, Eric</subfield>
  </datafield>
  <datafield tag="910" ind1=" " ind2=" ">
    <subfield code="a">Saquino</subfield>
  </datafield>
  <datafield tag="942" ind1=" " ind2=" ">
    <subfield code="2">ddc</subfield>
    <subfield code="c">LBS1</subfield>
  </datafield>
  <datafield tag="952" ind1=" " ind2=" ">
    <subfield code="0">0</subfield>
    <subfield code="1">0</subfield>
    <subfield code="2">ddc</subfield>
    <subfield code="5">1</subfield>
    <subfield code="7">0</subfield>
    <subfield code="8">MO</subfield>
    <subfield code="a">BNPHU</subfield>
    <subfield code="b">PD</subfield>
    <subfield code="c">CT</subfield>
    <subfield code="d">2019-04-12</subfield>
    <subfield code="e">Donado</subfield>
    <subfield code="l">0</subfield>
    <subfield code="o">BNPHU PD 372.89045 S678  </subfield>
    <subfield code="p">2021-27802</subfield>
    <subfield code="r">2021-11-03</subfield>
    <subfield code="t">1ro. Bach.</subfield>
    <subfield code="w">2021-11-03</subfield>
    <subfield code="y">LBS1</subfield>
    <subfield code="z">S/A</subfield>
  </datafield>
  <datafield tag="999" ind1=" " ind2=" ">
    <subfield code="c">50866</subfield>
    <subfield code="d">50866</subfield>
  </datafield>
</record>
